Európsky päťboj - komunitárna stratégia rastu
Cieľ, do roku 2010 vybudovať z Európskej únie najvýkonnejšiu ekonomiku sveta, nebude splnený. V súčasnosti používaná otvorená koordinačná metóda znamené riziko, že sa stratí to, čo je pre európsky sociálny model špecifické. Variantou je komunitárna stratégia rastu, pozostávajúca z daňovej reformy, z...
Salvato in:
| Autore principale: | |
|---|---|
| Natura: | Capitolo di libro |
| Lingua: | slovacco |
| Soggetti: | |
| Tags: |
Nessun Tag, puoi essere il primo ad aggiungerne!!
|
MARC
| LEADER | 00000naa$a2200000$$$4500 | ||
|---|---|---|---|
| 001 | 0026374 | ||
| 005 | 20231004125447.8 | ||
| 041 | 0 | |a slo | |
| 044 | |a SK | ||
| 245 | 1 | 0 | |a Európsky päťboj - komunitárna stratégia rastu |c Guy Verhofstadt |
| 520 | |a Cieľ, do roku 2010 vybudovať z Európskej únie najvýkonnejšiu ekonomiku sveta, nebude splnený. V súčasnosti používaná otvorená koordinačná metóda znamené riziko, že sa stratí to, čo je pre európsky sociálny model špecifické. Variantou je komunitárna stratégia rastu, pozostávajúca z daňovej reformy, z konvergencie, z dobudovania vnútorného trhu, z masívnej podpory výskumu a vývoja a z nového politického riadenia, ktoré si tieto ciele vyžadujú. | ||
| 610 | 2 | 0 | |a Európska únia |
| 610 | 2 | 0 | |a politika hospodárska |
| 610 | 2 | 0 | |a tempo rastu hospodárskeho |
| 610 | 2 | 0 | |a právo komunitárne |
| 610 | 2 | 0 | |a trh vnútorný |
| 610 | 2 | 0 | |a reformy daňové |
| 610 | 2 | 0 | |a konvergencia |
| 610 | 2 | 0 | |a výskum |
| 610 | 2 | 0 | |a vývoj |
| 100 | 1 | |a Verhofstadt, Guy | |